| 000 | 00973nam a2200289 a 4500 | ||
|---|---|---|---|
| 001 | 016071672 | ||
| 003 | Uk | ||
| 005 | 20131009151154.0 | ||
| 008 | 120412s2012 nyua b 001 0 eng d | ||
| 020 | _a0071324631 (pbk.) | ||
| 020 | _a9780071324632 (pbk.) | ||
| 082 | 0 | 4 |
_a658.11 _223 _bSPI |
| 100 | 1 |
_aSpinelli, Stephen. _932578 |
|
| 245 | 1 | 0 |
_aNew Venture Creation : _bentrepreneurship for the 21st century. |
| 250 |
_a9th ed. / _bStephen Spinelli, Jr., Robert J. Adams, Jr. |
||
| 260 |
_aNew York : _bMcGraw-Hill/Irwin, _c2012. |
||
| 300 |
_axx, 588 p. : _bill. ; _c28 cm. |
||
| 500 | _aPrevious ed.: 2009. | ||
| 500 | _a"International edition"-Cover. | ||
| 504 | _aIncludes bibliographical references and index. | ||
| 650 | 0 |
_aNew business enterprises. _932579 |
|
| 650 | 0 |
_aEntrepreneurship. _932580 |
|
| 653 |
_bBus _cFebruary2013 _cOctober2013 |
||
| 690 | 7 |
_aManagement and Business Studies _2blcoll |
|
| 700 | 1 |
_aAdams, Rob, _d1959- _932581 |
|
| 942 |
_2ddc _cBB |
||
| 999 |
_c17286 _d17258 |
||